000 01270cam a22002891 4500
001 e 40000847
003 DLC
005 20260227111229.0
008 801117s1940 dcu f000 0 eng c
010 _ae 40000847
035 _a(OCoLC)6949193
040 _aU. S. Off. of educ. Library
_cViBlbV
_dOCoLC
_dDLC
042 _apremarc
050 0 0 _aL111
_b.A6 1939, no. 12
051 _aLB3411
_b.M6
082 _a371.7
100 1 _aMoore, Fred.
245 1 0 _aOrganization and administration of school health work /
_cby Fred Moore ... and John W. Studebaker, U. S. commissioner of education ... Federal security agency, Paul V. McNutt, administrator. U. S. Office of education, John W. Studebaker, commissioner.
260 _aWashington :
_bU.S. Govt. print. off.,
_c1940.
300 _aiv, 67 p. ;
_c23 cm.
490 0 _aU. S. Office of education. Bulletin 1939,
_vno. 12
501 _aCopies 1 and 2 of L111.A6 with: Individual guidance in a C.C.C. camp / Kirkland Sloper. Washington : U.S. Govt. Print. Off., 1939. Bound together subsequent to publication.
_5DLC
650 0 _aSchool hygiene.
650 0 _aSchools
_zUnited States
_xSanitary affairs.
700 1 _aStudebaker, J. W.
_q(John Ward),
_d1887-1989,
_eJoint author.
740 0 _aSchool health work.
999 _c21764
_d21764